Top Pop Hits of 1986 - Statistics

General Stats
  • This quiz has been taken 26 times
    11 since last reset
  • The average score is 40 of 100
Answer Stats
Rank Song Title Artist or Band % Correct
30 You Give Love a Bad Name Bon Jovi
100%
29 Papa Don't Preach Madonna
100%
38 Venus Bananarama
88%
41 True Colors Cyndi Lauper
88%
49 Walk of Life Dire Straits
88%
2 Say You Say Me Lionel Richie
88%
39 Dancing on the Celiling Lionel Richie
88%
23 Sledgehammer Peter Gabriel
88%
15 West End Girls Pet Shop Boys
88%
10 Addicted to Love Robert Palmer
88%
55 The Sweetest Taboo Sade
88%
27 Take My Breath Away Berlin
75%
87 Nikita Elton John
75%
28 Rock Me Ammadeus Falco
75%
54 Invisible Touch Genesis
75%
33 These Dreams Heart
75%
19 Kiss Prince
75%
17 Alive and Kicking Simple Minds
75%
20 Higher Love Steve Winwood
75%
48 Manic Monday The Bangles
75%
25 Human The Human League
75%
6 How Will I Know Whitney Houston
75%
11 The Greatest Love of All Whitney Houston
75%
42 Danger Zone Kenny Loggins
63%
35 Live To Tell Madonna
63%
40 Conga Miami Sound Machine
63%
14 Glory of Love Peter Cetera
63%
22 Holding Back the Years Simply Red
63%
31 When the Going Gets Tough, the Tough Get Going Billy Ocean
50%
1 That's What Friends Are For Dionne Warwick
50%
7 Party All The Time Eddie Murphy
50%
21 Stuck With You Huey Lewis and the News
50%
56 What You Need INXS
50%
65 Living In America James Brown
50%
5 Broken Wings Mr. Mister
50%
9 Kyrie Mr. Mister
50%
89 Walk This Way Run DMC/Aerosmith
50%
36 Mad About You Belinda Carlisle
38%
16 There Will Be Sad Songs (To Make You Cry) Billy Ocean
38%
50 Amanda Boston
38%
68 Word Up Cameo
38%
59 Take Me Home Tonight Eddie Money
38%
44 No One Is To Blame Howard Jones
38%
58 Nasty Janet Jackson
38%
66 R.O.C.K. in the USA John Cougar Mellencamp
38%
72 Small Town John Cougar Mellencamp
38%
76 True Blue Madonna
38%
74 All I Need Is A Miracle Mike and The Mechanics
38%
91 Your Wildest Dreams Moody Blues
38%
46 I Didn't Mean To Turn You On Robert Palmer
38%
24 Sara Starship
38%
81 Tonight She Comes The Cars
38%
69 Why Can't This Be Love Van Halen
38%
63 I'm Your Man Wham!
38%
73 Tarzan Boy Baltimora
25%
78 Life In A Northern Town Dream Academy
25%
84 Throwing It All Away Genesis
25%
18 Never Heart
25%
32 When I Think of You Janet Jackson
25%
43 What Have You Done For Me Lately Janet Jackson
25%
37 Something About You Level 42
25%
47 Words Get In The Way Miami Sound Machine
25%
79 Bad Boy Miami Sound Machine
25%
70 Silent Running (On Dangerous Ground) Mike and The Mechanics
25%
53 If You Leave Orchestral Manoeuvres In the Dark (OMD)
25%
92 Spies Like Us Paul McCartney
25%
88 Take Me Home Phil Collins
25%
51 Two of Hearts Stacy Q
25%
8 Burning Heart Survivor
25%
62 Your Love The Outfield
25%
96 King For A Day Thompson Twins
25%
71 Typical Male Tina Turner
25%
99 I'll Be Over You Toto
25%
80 Sleeping Bag ZZ Top
25%
90 Sweet Love Anita Baker
13%
86 Election Day Arcadia
13%
12 Secret Lovers Atlantic Starr
13%
67 Who's Johnny El DeBarge
13%
98 A Different Corner George Michael
13%
34 Don't Forget Me (When I'm Gone) Glass Tiger
13%
13 Friends and Lovers Gloria Loving/Carl Anderson
13%
60 We Don't Have To Take Our Clothes Off Jermaine Stewart
13%
3 I Miss You Klymaxx
13%
97 Love Will Conquer All Lionel Richie
13%
61 All Cried Out Lisa Lisa and Cult Jam
13%
75 Sweet Freedom Michael McDonald
13%
26 I Can't Wait Nu Shooz
13%
4 On My Own Patti LaBelle/Michael McDonald
13%
85 Baby Love Regina
13%
82 Love Touch Rod Stewart
13%
64 Perfect Way Scritti Politti
13%
83 A Love Bizarre Shelia E.
13%
57 Talk To Me Stevie Nicks
13%
77 Rumors Timex Social Club
13%
94 Dreamtime Darryl Hall
0%
95 Tender Love Force MDs
0%
45 Let's Go All the Way Sly Fox
0%
93 Object of My Desire Starpoint
0%
100 Go Home Stevie Wonder
0%
52 Crush on You The Jets
0%
No matching quizzes found
Score Distribution
Percent of People with Each Score
Percentile by Number Answered
Your Score History
You have not taken this quiz since the last reset